[Event "Pan American-ch School U15 12th"]
[Site "Callao"]
[Date "2023.10.17"]
[Round "3"]
[White "Yucra Valdes, Diego Alonso"]
[Black "Calcina Arroyo, Richard Antonio Axe"]
[Result "1-0"]
[WhiteElo "1609"]
[BlackElo "1427"]
[PlyCount "69"]
[EventDate "2023.10.16"]
[EventType "swiss"]
[EventRounds "9"]
[EventCountry "PER"]
[SourceTitle "Mega2024 Update 01"]
[Source "Chessbase"]
[SourceDate "2023.11.12"]
[SourceVersion "1"]
[SourceVersionDate "2023.11.12"]
[SourceQuality "1"]

1. d4 d5 2. Nf3 Nf6 3. c4 e6 4. Nc3 Bb4 5. Qc2 c6 6. e3 Ne4 7. Bd3 f5 8. 0-0 Bxc3 9. bxc3 0-0 10. Ba3 Rf6 11. Ne5 Qc7 12. f3 Nd6 13. e4 dxc4 14. Nxc4 Nxc4 15. Bxc4 Qf7 16. exf5 Rxf5 17. Rae1 g5 18. Re4 b5 19. Bb3 Na6 20. Rfe1 Nc7 21. c4 bxc4 22. Qxc4 Bd7 23. h4 gxh4 24. Bd6 Nd5 25. Rg4+ Kh8 26. Be5+ Nf6 27. Rxh4 Rg8 28. Bc2 Qg7 29. Qe2 c5 30. Bxf5 exf5 31. dxc5 Bb5 32. Qb2 Rf8 33. Qxb5 Qg5 34. Rd4 Kg7 35. Rd6 1-0

[Event "BOL-ch U16"]
[Site "Cochabamba"]
[Date "2023.01.14"]
[Round "3"]
[White "Sempertegui Tames, Juan Diego"]
[Black "Yucra Valdes, Diego Alonso"]
[Result "0-1"]
[WhiteElo "1038"]
[BlackElo "1493"]
[PlyCount "54"]
[EventDate "2023.01.13"]
[EventType "swiss"]
[EventRounds "7"]
[EventCountry "BOL"]
[SourceTitle "EXT 2024"]
[Source "ChessBase"]
[SourceDate "2023.10.10"]
[SourceVersion "1"]
[SourceVersionDate "2023.10.10"]
[SourceQuality "1"]

1. e4 e6 2. d4 d5 3. exd5 exd5 4. Nf3 Bd6 5. Bd3 Nf6 6. 0-0 0-0 7. Re1 Bg4 8. Nbd2 Nbd7 9. b3 c6 10. c4 Qc7 11. h3 Bh5 12. Nf1 Rfe8 13. Bd2 Ne4 14. Re3 Bf4 15. Re1 Bxf3 16. gxf3 Nxd2 17. Nxd2 Qd6 18. Nf1 Qh6 19. Kg2 Nf6 20. Ng3 Rxe1 21. Qxe1 Re8 22. Qb4 Qg5 23. Rh1 Bxg3 24. fxg3 Nh5 25. Qd6 Qd2+ 26. Kg1 Qxd3 27. h4 Qd2 0-1

[Event "Pan American-ch Hybrid U14 31st"]
[Site "Tornelo INT"]
[Date "2021.09.04"]
[Round "4"]
[White "Yucra Valdes, Diego Alonso"]
[Black "Ramazzotte, Maicon Zilli"]
[Result "0-1"]
[WhiteElo "1078"]
[BlackElo "1446"]
[PlyCount "80"]
[EventDate "2021.09.04"]
[EventType "swiss"]
[EventRounds "9"]
[EventCountry "NET"]
[SourceTitle "EXT 2023"]
[Source "ChessBase"]
[SourceDate "2022.10.05"]
[SourceVersion "1"]
[SourceVersionDate "2022.10.05"]
[SourceQuality "1"]

1. d4 Nf6 2. c4 e6 3. Nc3 d5 4. Bf4 Be7 5. e3 c6 6. Nf3 Nbd7 7. h3 0-0 8. Bd3 dxc4 9. Bxc4 b5 10. Bd3 a6 11. a3 c5 12. 0-0 Bb7 13. Qe2 cxd4 14. exd4 Nb6 15. Rfd1 Rc8 16. Rac1 Nc4 17. Ne5 Nd5 18. Nxd5 Qxd5 19. Nf3 Bf6 20. Bxc4 bxc4 21. Be5 Be7 22. Rc2 Bc6 23. Qxc4 Qxc4 24. Rxc4 Bxf3 25. Rxc8 Bxd1 26. Rc7 Bf6 27. Bd6 Rd8 28. Bc5 g6 29. Ra7 Be2 30. Bb6 Bxd4 31. Bxd4 Rxd4 32. Rb7 Kg7 33. b4 Bb5 34. Rb6 Rd3 35. a4 Bxa4 36. Rxa6 Bb3 37. Rb6 Bc4 38. Rb8 Rb3 39. Rb6 Kf6 40. Rb8 h5 0-1